LAND ACQUISITION ACT 1960 (ACT 486), RULES & ORDERS : (AS AT 5TH JANUARY 2020)

Bibliographic Details
Corporate Author: Legal Research Board (Editor)
Format: Book
Language:English
Published: Petaling Jaya, Selangor : International Law Book Services 2020
Series:LAW OF MALAYSIA
Subjects:

MARC

LEADER 00000cam a2200000 7i4500
001 0000029259
005 20241126.0
008 210510 my eng
020 |a 9789678927321 
040 |a INS   |b eng   |e rda 
090 0 0 |a KPG2544 A31960 A4 2020 
110 1 |a Malaysia   |e jurisdiction governed 
245 1 0 |a LAND ACQUISITION ACT 1960 (ACT 486), RULES & ORDERS :   |b (AS AT 5TH JANUARY 2020)   |c Compiled by: Legal Research Board 
264 1 |a Petaling Jaya, Selangor :   |b International Law Book Services   |c 2020 
300 |a 131 pages ;   |c 24 cm. 
336 |a text  |2 rdacontent 
337 |a unmediated  |2 rdamedia 
338 |a volume  |2 rdacarrier 
490 0 |a LAW OF MALAYSIA 
650 0 |a Compensation (law)   |z Malaysia 
650 0 |a Land acquisition and compensation   |z Malaysia 
650 0 |a Land tenure   |x Law and legislation   |z Malaysia 
710 2 |a Legal Research Board   |e editor 
999 |a 1000004214   |b BOOK   |c Open Shelf   |e Default branch